| 000 | 00351nam a2200145Ia 4500 | ||
|---|---|---|---|
| 005 | 20240814115835.0 | ||
| 008 | 240813s9999||||xx |||||||||||||| ||und|| | ||
| 082 | _a574.1915 STR | ||
| 100 | _aStrettan, J.S. | ||
| 245 | 0 | _aIonizing radiations | |
| 260 |
_aOxford _bPergamon Press _c1965 |
||
| 300 | _aviii,180p | ||
| 650 | _aLife sciences | ||
| 942 | _cBK | ||
| 999 |
_c3798 _d3798 |
||